| 000 | 01249nam0a2200337 4500 | ||
|---|---|---|---|
| 001 | RU\NLR\BIBL_A\012566767 | ||
| 005 | 20210826155542.0 | ||
| 010 |
_a978-5-4491-0828-9 _9100 |
||
| 021 |
_aRU _bКН-П-21-013162 _9КН-П-21-1064 |
||
| 035 | _a(NLR Aleph) 012566767 | ||
| 090 |
_a12477797 _c12477797 |
||
| 100 | _a20210720d2021 m y0rusy50 ca | ||
| 101 | 0 | _aeng | |
| 102 | _aRU | ||
| 105 | _aac z 000zy | ||
| 181 | 0 |
_ai _baxxe |
|
| 182 | 0 | _an | |
| 200 | 1 |
_aLife of an African in Russia _ea long letter to my grandmother ... _fNotsile L. Dube |
|
| 203 |
_aТекст _bвизуальный _cнепосредственный |
||
| 210 |
_aМосква _cDelibri _d2021 |
||
| 215 |
_d240, [2] c. _aил., портр. _d22 |
||
| 300 | _aВ вып. дан.: Жизнь африканки в России / Дубе Нотсиле Линделва | ||
| 333 | _a16+ | ||
| 517 | 1 | _aЖизнь африканки в России | |
| 607 |
_aРоссийская Федерация _xИстория _xОтзывы иностранцев _2nlr_sh2 _3RU\NLR\AUTH\6601575801 |
||
| 686 | 1 | _aТ3(2)74,013 | |
| 700 | 1 |
_aDube _bN.L. _gNotsile Lindelwa |
|
| 942 | _cBOOK | ||
| 980 | _aNB | ||